00682nam a22001817a 4500003000900000008004100009040007100050082001800121100002500139245002700164260003200191300002800223440003300251505014000284650003000424650001400454700003200468AR-CdUCM190524b ||||| |||| 00| 0 spa d aMUNICIPALIDAD PROVINCIAL DEL CUSCOcBIBLIOTECA MUNICIPAL DEL CUSCO a891.32 /bD93 aDostoyevsky, Fedor : aLos hermanos karamazof aBuenos Aires :bTor,c1946. a258 páginas ;c24 cm. aBiblioteca las obras famosas aContenido: Capitulo primero, una reunión desgraciada -- Libro segundo, historia de una familia -- Libro quinto, en pro y en contra... aliteratura de Dostoyevsky aKaramazof aZamacois, J. (traducción)